<?xml version="1.0" encoding="UTF-8"?>
<collection xmlns="http://www.loc.gov/MARC21/slim">
 <record>
  <leader>01175nam a22002171a 4500</leader>
  <controlfield tag="001">1/49860</controlfield>
  <controlfield tag="008">020226s19941998gr       b    001 0 gre d</controlfield>
  <datafield tag="020" ind1=" " ind2=" ">
   <subfield code="a">9603011266</subfield>
  </datafield>
  <datafield tag="035" ind1=" " ind2=" ">
   <subfield code="l">19437</subfield>
  </datafield>
  <datafield tag="040" ind1=" " ind2=" ">
   <subfield code="a">GR-PeUP</subfield>
  </datafield>
  <datafield tag="082" ind1="0" ind2="0">
   <subfield code="a">347 ΠΑ</subfield>
  </datafield>
  <datafield tag="100" ind1="1" ind2=" ">
   <subfield code="a">Παπαστερίου, Δημήτριος Η.</subfield>
  </datafield>
  <datafield tag="245" ind1="1" ind2="0">
   <subfield code="a">Γενικές αρχές του αστικού δικαίου /</subfield>
   <subfield code="c">Δημήτριος Η. Παπαστερίου.</subfield>
  </datafield>
  <datafield tag="260" ind1=" " ind2=" ">
   <subfield code="a">Θεσσαλονίκη :</subfield>
   <subfield code="b">Σάκκουλας,</subfield>
   <subfield code="c">1994-1998</subfield>
  </datafield>
  <datafield tag="300" ind1=" " ind2=" ">
   <subfield code="a">2 τ. ;</subfield>
   <subfield code="c">24 εκ.</subfield>
  </datafield>
  <datafield tag="504" ind1=" " ind2=" ">
   <subfield code="a">Περιέχει βιβλιογραφικές παραπομπές και ευρετήριο.</subfield>
  </datafield>
  <datafield tag="505" ind1="0" ind2=" ">
   <subfield code="a">Τ.Ι/α. α. Το δίκαιο και οι κανόνες του, β. Το δικαίωμα -- Τ.Ι/β. γ.τα πρόσωπα, δ.ο χρόνος</subfield>
  </datafield>
  <datafield tag="650" ind1=" " ind2="4">
   <subfield code="a">Αστικό δίκαιο.</subfield>
  </datafield>
  <datafield tag="852" ind1=" " ind2=" ">
   <subfield code="a">INST</subfield>
   <subfield code="b">UNIPILB</subfield>
   <subfield code="c">MAIN</subfield>
   <subfield code="e">20040709</subfield>
   <subfield code="h">347 ΠΑ</subfield>
   <subfield code="p">00138975</subfield>
   <subfield code="q">00138975</subfield>
   <subfield code="t">LOAN</subfield>
   <subfield code="v">τ.1/α:</subfield>
   <subfield code="y">0</subfield>
   <subfield code="z">τ.1/α</subfield>
   <subfield code="4">1</subfield>
  </datafield>
  <datafield tag="852" ind1=" " ind2=" ">
   <subfield code="a">INST</subfield>
   <subfield code="b">UNIPILB</subfield>
   <subfield code="c">MAIN</subfield>
   <subfield code="e">20040709</subfield>
   <subfield code="h">347 ΠΑ</subfield>
   <subfield code="p">00141189</subfield>
   <subfield code="q">00141189</subfield>
   <subfield code="t">LOAN</subfield>
   <subfield code="v">τ.1/β:</subfield>
   <subfield code="y">0</subfield>
   <subfield code="z">τ.1/β</subfield>
   <subfield code="4">1</subfield>
  </datafield>
  <datafield tag="852" ind1=" " ind2=" ">
   <subfield code="a">INST</subfield>
   <subfield code="b">UNIPILB</subfield>
   <subfield code="c">MAIN</subfield>
   <subfield code="e">20050411</subfield>
   <subfield code="h">347 ΠΑ</subfield>
   <subfield code="p">00147823</subfield>
   <subfield code="q">00147823</subfield>
   <subfield code="t">LOAN</subfield>
   <subfield code="v">v.I/β:</subfield>
   <subfield code="y">0</subfield>
   <subfield code="z">v.I/β</subfield>
   <subfield code="4">2</subfield>
  </datafield>
 </record>
</collection>
